| 000 | 00847cab a2200229 4500 | ||
|---|---|---|---|
| 001 | ABS53148 | ||
| 008 | 090401t1995 xxu||||| |||| 00| 0 eng d | ||
| 035 | _a(Sirsi) u2392 | ||
| 041 | _aeng | ||
| 100 | _aOc, T. | ||
| 245 | _aFacing the challenge | ||
| 260 | _c1995 | ||
| 350 | _a0 | ||
| 490 |
_aSurveyor _v182(5342) 1 June 1995, 16-19(4) |
||
| 520 | _aDiscusses the new guidance for the second round of bidding for the Single Regeneration Budget (SRB), which funds opportunities for wealth generation, job creation and environmental improvements. Looks at the issues of partnerships, delivery and sustainability of impact. Includes a table of First Round Forecast Outputs. | ||
| 650 | _aSECOND ROUND | ||
| 650 | _aSINGLE REGENERATION BUDGET | ||
| 690 | _aURBAN RENEWAL | ||
| 700 | _aTiesdell, S. | ||
| 942 | _n0 | ||
| 948 | _c04/03/1997 | ||
| 999 |
_c1443 _d1443 |
||